00446nam a22001577a 450000500170000000800410001704000190005804100120007708200160008910000420010524500600014726000260020730000160023365000290024985000100027820230622133519.0160120b xxu||||| |||| 00| 0 eng d aLoreto College aEnglish a301.15bMAC aMcdougall, WilliamqWilliam Mcdougall aAn introduction to social PsychologycWilliam Mcdougall aLondonbMethuenc1908 axxix, 524p. aSociology & anthropology aLCLIB